[Event "Rated Blitz game"]
[Site "?"]
[Date "2021.06.13"]
[Round "?"]
[White "imgaino"]
[Black "miguelsimoes"]
[Result "1/2-1/2"]
[WhiteElo "2549"]
[BlackElo "2469"]
[PlyCount "198"]
[EventDate "2021.??.??"]
[EventType "blitz"]

1. e4 e5 2. Nf3 Nc6 3. c3 d5 4. Qa4 f6 5. exd5 Qxd5 6. d4 exd4 7. Bc4 Qe4+ 8.
Be3 Bd7 9. cxd4 Nxd4 10. Bf7+ Ke7 11. Qxd4 Qxd4 12. Nxd4 Kxf7 13. Nc3 Bb4 14.
O-O-O Bxc3 15. bxc3 Ne7 16. Rhe1 Nf5 17. Bf4 Nxd4 18. Rxd4 Be6 19. Kb2 c6 20.
Rd6 Rhe8 21. h4 Re7 22. g3 Rae8 23. Be3 Bd5 24. Rd1 a6 25. Rd2 Rc7 26. Bb6 Rce7
27. Be3 Re6 28. Rxe6 Bxe6 29. a4 Bd5 30. a5 Re4 31. Rd4 Re5 32. Rb4 Re7 33. c4
Be6 34. Kc3 Rd7 35. Rb2 Bf5 36. Rd2 Rxd2 37. Bxd2 Ke6 38. Kd4 h6 39. Bf4 g5 40.
hxg5 fxg5 41. Be3 Kd6 42. c5+ Ke6 43. Bd2 Bg4 44. Ke4 Bf5+ 45. Kd4 Bg4 46. Ke4
Be2 47. Ke3 Bc4 48. Kd4 Bd5 49. Bc1 Kf5 50. Ke3 Kg4 51. Bb2 h5 52. Bf6 h4 53.
gxh4 gxh4 54. Be5 Kh3 55. Bf6 Kg4 56. Be5 h3 57. Bd6 Kf5 58. Bc7 Bg2 59. Bg3
Bf1 60. Bh2 Ke6 61. Kd4 Kf5 62. Ke3 Kg4 63. Bg3 Bg2 64. Bh2 Kf5 65. Bg3 Kf6 66.
Kd4 Ke6 67. Bh2 Bf3 68. Bg3 Bd1 69. Bh2 Kf5 70. Bg3 Kg4 71. Ke3 Bf3 72. Bh2 Bd5
73. Bg3 Bh1 74. Bh2 Kf5 75. Bg3 Ke6 76. Kd4 Kd7 77. Bh2 Ke6 78. Bg3 Bg2 79. Bh2
Bf1 80. Bg3 Kf5 81. Bh2 Kg4 82. Ke3 Bc4 83. Kd4 Bb5 84. Ke3 Bc4 85. Bg3 Bd5 86.
Bh2 Bh1 87. Bg3 Bd5 88. Bh2 Kh4 89. Bg3+ Kg5 90. Bh2 Kf5 91. Bg3 Bc4 92. Bh2
Bb5 93. Bg3 Ke6 94. Kd4 Bf1 95. Bh2 Kf5 96. Bg3 Kg4 97. Ke3 Bg2 98. Bh2 Bf3 99.
Bg3 Bd5 {Normal} 1/2-1/2

[Event "Rated Rapid game"]
[Site "?"]
[Date "2021.06.13"]
[Round "?"]
[White "Schwarzf"]
[Black "rattascalpel"]
[Result "0-1"]
[WhiteElo "2475"]
[BlackElo "2433"]
[PlyCount "50"]
[EventDate "2021.??.??"]
[EventType "rapid"]

1. e4 e5 2. Nf3 Nc6 3. c3 Nf6 4. d4 exd4 5. e5 Ne4 6. cxd4 d5 7. Nc3 Bb4 8. Bd2
Bg4 9. Bb5 O-O 10. Bxc6 bxc6 11. Nxe4 dxe4 12. Bxb4 exf3 13. gxf3 Bh5 14. Bxf8
Qxf8 15. a3 a5 16. Rc1 Rb8 17. Qe2 Qd8 18. Qe4 Rxb2 19. Qxc6 h6 20. Qe4 Qg5 21.
f4 Qh4 22. O-O Qg4+ 23. Kh1 Qh3 24. Qa8+ Kh7 25. Qe4+ g6 {Normal} 0-1

[Event "Rated Blitz game"]
[Site "?"]
[Date "2021.06.13"]
[Round "?"]
[White "Baluk"]
[Black "hadibeabisibe"]
[Result "0-1"]
[WhiteElo "2402"]
[BlackElo "2477"]
[PlyCount "100"]
[EventDate "2021.??.??"]
[EventType "blitz"]

1. e4 e5 2. Nf3 Nc6 3. c3 Nf6 4. d4 Nxe4 5. d5 Bc5 6. Be3 Bxe3 7. fxe3 Ne7 8.
Nxe5 Ng6 9. Nf3 O-O 10. Bd3 Re8 11. O-O d6 12. Qc2 Qe7 13. Re1 Bd7 14. Nbd2 Nc5
15. Bf1 a5 16. e4 Bg4 17. b4 Nd7 18. h3 Bxf3 19. Nxf3 Nge5 20. Nd4 Qg5 21. Qf2
axb4 22. cxb4 Ra3 23. Kh1 Rea8 24. Nb5 Rg3 25. a4 Nf6 26. Nxc7 Rc8 27. Rac1 h5
28. Ne6 fxe6 29. Rxc8+ Kh7 30. dxe6 Qh4 31. Qf5+ g6 32. Rc7+ Kh6 33. Qf2 Rxh3+
34. gxh3 Qxf2 35. Rec1 Nf3 36. Bg2 Qg3 37. Bxf3 Qxf3+ 38. Kg1 Qg3+ 39. Kf1
Qxh3+ 40. Ke1 Qe3+ 41. Kf1 Nxe4 42. R7c2 Qf3+ 43. Kg1 Qg3+ 44. Kf1 Qh3+ 45. Ke2
Ng3+ 46. Kd3 Nf5+ 47. Kc4 Ne7 48. Rc3 Qxe6+ 49. Kd3 Qf5+ 50. Kc4 Qd5# {Normal}
0-1

[Event "Rated Blitz tournament 5E4upzYG"]
[Site "?"]
[Date "2021.06.13"]
[Round "?"]
[White "RobertGutierez_UNMSM"]
[Black "fre4ky"]
[Result "0-1"]
[WhiteElo "2405"]
[BlackElo "2320"]
[PlyCount "64"]
[EventDate "2021.??.??"]
[EventType "blitz"]

1. e4 e5 2. Nf3 Nc6 3. c3 Qf6 4. d4 exd4 5. cxd4 Bb4+ 6. Bd2 Bxd2+ 7. Qxd2 d6
8. Nc3 Nge7 9. Be2 a6 10. O-O O-O 11. a3 Bg4 12. d5 Bxf3 13. Bxf3 Nd4 14. Bd1
Ng6 15. f4 c5 16. dxc6 Nxc6 17. Nd5 Qd8 18. Bb3 Kh8 19. Kh1 f5 20. exf5 Rxf5
21. Bc2 Rh5 22. Bxg6 hxg6 23. g3 g5 24. Qe2 Qe8 25. Rae1 Qxe2 26. Rxe2 Nd4 27.
Re7 Nf5 28. g4 Nxe7 29. Nxe7 Rh3 30. f5 Re8 31. Nd5 Rd3 32. Nc7 Re2 {Normal}
0-1

[Event "Rated Blitz game"]
[Site "?"]
[Date "2021.06.13"]
[Round "?"]
[White "Baluk"]
[Black "sargentocabral"]
[Result "1-0"]
[WhiteElo "2399"]
[BlackElo "2462"]
[PlyCount "81"]
[EventDate "2021.??.??"]
[EventType "blitz"]

1. e4 e5 2. Nf3 Nc6 3. c3 Nf6 4. d4 h6 5. d5 Ne7 6. Bd3 Ng6 7. O-O h5 8. Bg5
Be7 9. Bc1 d6 10. h3 h4 11. Nh2 Nh5 12. Bc2 Ngf4 13. Kh1 Rh6 14. Rg1 Kf8 15.
Ng4 Rh8 16. Nd2 g6 17. Nf1 Bf6 18. Nxf6 Qxf6 19. Nh2 Ke7 20. Ng4 Bxg4 21. Qxg4
g5 22. Be3 Qg6 23. Raf1 c5 24. dxc6 bxc6 25. Rd1 Rag8 26. Rd2 Rd8 27. Rgd1 Nf6
28. Qf5 Qxf5 29. exf5 N6d5 30. Be4 Nxe3 31. fxe3 Nh5 32. Bxc6 Ng3+ 33. Kh2 Nxf5
34. Re2 Rc8 35. Bd5 Ng3 36. Rf2 f5 37. c4 f4 38. exf4 gxf4 39. Bf3 Rhd8 40. b3
Nf5 41. Bg4 {Time forfeit} 1-0

[Event "Rated Rapid game"]
[Site "?"]
[Date "2021.06.13"]
[Round "?"]
[White "snaiper-reinjer"]
[Black "Denisov_Roman"]
[Result "1-0"]
[WhiteElo "2406"]
[BlackElo "2343"]
[PlyCount "55"]
[EventDate "2021.??.??"]
[EventType "rapid"]

1. e4 e5 2. Nf3 Nc6 3. c3 Nf6 4. d4 exd4 5. e5 Ne4 6. cxd4 d5 7. exd6 Bxd6 8.
Nc3 Bb4 9. Bd2 Nxd2 10. Qxd2 O-O 11. Be2 Re8 12. O-O Bg4 13. a3 Nxd4 14. Nxd4
Rxe2 15. Qd3 Bxc3 16. Qxc3 Re8 17. f3 Bh5 18. Rad1 c6 19. Nxc6 Qb6+ 20. Nd4
Red8 21. Kh1 Rac8 22. Qb4 Qxb4 23. axb4 Rc4 24. Nf5 Rxd1 25. Rxd1 h6 26. g4 Bg6
27. Rd4 Bxf5 28. Rxc4 {Normal} 1-0

[Event "Rated Blitz game"]
[Site "?"]
[Date "2021.06.13"]
[Round "?"]
[White "Baluk"]
[Black "akhairat"]
[Result "0-1"]
[WhiteElo "2399"]
[BlackElo "2420"]
[PlyCount "88"]
[EventDate "2021.??.??"]
[EventType "blitz"]

1. e4 e5 2. Nf3 Nc6 3. c3 d5 4. Qa4 f6 5. Bb5 Qd6 6. O-O dxe4 7. Qxe4 Bd7 8. d4
O-O-O 9. dxe5 fxe5 10. Ng5 Nf6 11. Qa4 Qe7 12. Bxc6 Bxc6 13. Qxa7 b6 14. Be3 h6
15. Nh3 g5 16. Kh1 Ng4 17. Na3 Qd6 18. Nc4 Qd5 19. f3 Qxc4 20. fxg4 Qe4 21. Rf3
Qxg4 22. Rg3 Rd1+ 23. Rxd1 Qxd1+ 24. Ng1 Bd6 25. Qa6+ Bb7 26. Qe2 Qb1 27. Rh3
Rf8 28. Rxh6 Kb8 29. h4 gxh4 30. Rxh4 Rf1 31. Rh8+ Ka7 32. Rh6 Bc5 33. Bxc5
bxc5 34. Kh2 Rxg1 35. Kg3 Rxg2+ 36. Kh4 Rxe2 37. Kg5 Rf2 38. Rh4 Qg1+ 39. Rg4
Rg2 40. Rg3 Rxg3+ 41. Kf5 Qf2+ 42. Ke6 Rg6+ 43. Kd7 Qf7+ 44. Kd8 Rg8# {Normal}
0-1

[Event "Rated Blitz tournament fzpPsNE1"]
[Site "?"]
[Date "2021.06.13"]
[Round "?"]
[White "HpRmDrNsT"]
[Black "ChessDonkey"]
[Result "1-0"]
[WhiteElo "2426"]
[BlackElo "2382"]
[PlyCount "81"]
[EventDate "2021.??.??"]
[EventType "blitz"]

1. e4 e5 2. Nf3 Nc6 3. c3 d5 4. Qa4 f6 5. Bb5 Nge7 6. d4 dxe4 7. Nfd2 exd4 8.
O-O Bf5 9. cxd4 a6 10. Bxc6+ Nxc6 11. d5 Qxd5 12. Nc3 Qd7 13. Ndxe4 O-O-O 14.
Be3 Ne5 15. Qb3 Qe6 16. Qa4 Nc4 17. Nc5 Bxc5 18. Bxc5 Nxb2 19. Qb4 Nd3 20. Qa5
Nxc5 21. Qxc5 g6 22. Qa7 c6 23. Rac1 Qe5 24. Na4 Be4 25. Rfe1 Rhe8 26. Nc5 Qb8
27. Qb6 Bd5 28. Red1 Qc7 29. Qa7 Qb8 30. Qb6 Qc7 31. Qb4 Re5 32. h3 Rde8 33. f4
Re2 34. Nxa6 bxa6 35. Rxd5 Re1+ 36. Rxe1 Rxe1+ 37. Qxe1 cxd5 38. Qb4 Qc1+ 39.
Kh2 Qe3 40. Qd6 d4 41. Qc6+ {Time forfeit} 1-0

[Event "Rated Blitz game"]
[Site "?"]
[Date "2021.06.13"]
[Round "?"]
[White "Cachul"]
[Black "magoff"]
[Result "0-1"]
[WhiteElo "2398"]
[BlackElo "2425"]
[PlyCount "46"]
[EventDate "2021.??.??"]
[EventType "blitz"]

1. e4 e5 2. Nf3 Nc6 3. c3 Nf6 4. d4 exd4 5. e5 Nd5 6. cxd4 Bb4+ 7. Bd2 Bxd2+ 8.
Qxd2 d6 9. exd6 Qxd6 10. Bb5 O-O 11. O-O Bg4 12. Bxc6 Bxf3 13. Bxb7 Qg6 14. g3
Qg4 15. Bxd5 Bxd5 16. Nc3 Bf3 17. Qf4 Qxf4 18. gxf4 Rfd8 19. Rfe1 Rxd4 20. Re3
Rxf4 21. Rae1 Kf8 22. Re7 Rg4+ 23. Kf1 Bg2+ {Normal} 0-1

[Event "Rated Blitz game"]
[Site "?"]
[Date "2021.06.13"]
[Round "?"]
[White "Mulika13"]
[Black "Corchov"]
[Result "1-0"]
[WhiteElo "2514"]
[BlackElo "2528"]
[PlyCount "29"]
[EventDate "2021.??.??"]
[EventType "blitz"]

1. e4 e5 2. Nf3 Nc6 3. c3 d5 4. Qa4 f6 5. Bb5 Nge7 6. exd5 Qxd5 7. d4 exd4 8.
cxd4 a6 9. Nc3 Qh5 10. d5 axb5 11. Qxa8 Nb4 12. O-O Nbxd5 13. Re1 Kf7 14. Ng5+
fxg5 15. Nxd5 {Normal} 1-0

[Event "Rated Blitz game"]
[Site "?"]
[Date "2021.06.13"]
[Round "?"]
[White "magos33"]
[Black "renr8360"]
[Result "1-0"]
[WhiteElo "2406"]
[BlackElo "2349"]
[PlyCount "53"]
[EventDate "2021.??.??"]
[EventType "blitz"]

1. e4 e5 2. Nf3 Nc6 3. c3 Nf6 4. d4 exd4 5. e5 Ne4 6. cxd4 d5 7. Bb5 Bb4+ 8.
Nbd2 O-O 9. O-O f5 10. exf6 Qxf6 11. Nxe4 dxe4 12. Bxc6 bxc6 13. Ne5 Bd6 14. f4
Ba6 15. Re1 Bxe5 16. dxe5 Qf5 17. Be3 Bd3 18. Qb3+ Kh8 19. Rac1 Qg4 20. Rxc6
Be2 21. Qc2 Bd3 22. Qc3 h6 23. Rxc7 Rac8 24. h3 Qe6 25. f5 Qxf5 26. e6 Qxe6 27.
Qxg7# {Normal} 1-0

[Event "Rated Blitz game"]
[Site "?"]
[Date "2021.06.13"]
[Round "?"]
[White "Pulson"]
[Black "ThinKingQwerty"]
[Result "1-0"]
[WhiteElo "2425"]
[BlackElo "2473"]
[PlyCount "67"]
[EventDate "2021.??.??"]
[EventType "blitz"]

1. e4 e5 2. Nf3 Nc6 3. c3 Nf6 4. d4 Nxe4 5. d5 Nb8 6. Nxe5 Qe7 7. Qd4 f6 8.
Qxe4 Qxe5 9. Qxe5+ fxe5 10. Be3 d6 11. Bd3 Nd7 12. Nd2 Nf6 13. c4 g6 14. f3 Bf5
15. Be4 Nxe4 16. fxe4 Bd7 17. O-O a5 18. b3 b6 19. Rf2 Be7 20. Raf1 Rf8 21. h3
O-O-O 22. Rxf8 Rxf8 23. Rxf8+ Bxf8 24. Nf3 h6 25. Kf2 Kb7 26. Ke2 Ka6 27. Kd3
b5 28. c5 b4 29. c6 Bc8 30. Nh4 g5 31. Nf5 a4 32. g3 Ka5 33. Ba7 Bb7 34. cxb7 {
Normal} 1-0

[Event "Rated Blitz tournament a53xdTxU"]
[Site "?"]
[Date "2021.06.13"]
[Round "?"]
[White "JAIGANESH_1818"]
[Black "loser130"]
[Result "1/2-1/2"]
[WhiteElo "2221"]
[BlackElo "2464"]
[PlyCount "21"]
[EventDate "2021.??.??"]
[EventType "blitz"]

1. e4 e5 2. Nf3 Nc6 3. c3 d5 4. exd5 Qxd5 5. d4 exd4 6. cxd4 Bg4 7. Nc3 Qa5 8.
Bd2 O-O-O 9. d5 Nd4 10. Be2 Nxe2 11. Qxe2 {Normal} 1/2-1/2

[Event "Rated Blitz game"]
[Site "?"]
[Date "2021.06.13"]
[Round "?"]
[White "magos33"]
[Black "Zerowitz"]
[Result "1-0"]
[WhiteElo "2416"]
[BlackElo "2386"]
[PlyCount "75"]
[EventDate "2021.??.??"]
[EventType "blitz"]

1. e4 e5 2. Nf3 Nc6 3. c3 Nf6 4. d4 exd4 5. e5 Ne4 6. cxd4 d5 7. Bb5 Bb4+ 8.
Nbd2 O-O 9. O-O Ne7 10. Nxe4 dxe4 11. Ng5 Bf5 12. a3 Ba5 13. b4 Bb6 14. g4 Bg6
15. Be3 Nd5 16. Qc2 h6 17. Nh3 Qc8 18. Be2 h5 19. Ng5 hxg4 20. Nxe4 Qf5 21. Bd3
Qh5 22. Ng3 Qh7 23. Bxg6 fxg6 24. Qe4 c6 25. Qxg4 Rae8 26. Kg2 Rf7 27. a4 Ref8
28. a5 Bc7 29. Bg5 Rf4 30. Bxf4 Nxf4+ 31. Kh1 Nd3 32. a6 b6 33. Ne4 Nxb4 34.
Ng5 Qh6 35. Qe6+ Kh8 36. Nf7+ Kh7 37. Nxh6 gxh6 38. Rg1 {Normal} 1-0

[Event "Rated Blitz game"]
[Site "?"]
[Date "2021.06.13"]
[Round "?"]
[White "Bibekthing"]
[Black "dbestsmiles"]
[Result "1-0"]
[WhiteElo "2513"]
[BlackElo "2551"]
[PlyCount "131"]
[EventDate "2021.??.??"]
[EventType "blitz"]

1. e4 e5 2. Nf3 Nc6 3. c3 Nf6 4. d4 d5 5. exd5 Qxd5 6. Qe2 Bg4 7. dxe5 Bxf3 8.
Qxf3 Qxf3 9. gxf3 Nxe5 10. Be2 O-O-O 11. O-O Nd3 12. Bxd3 Rxd3 13. Be3 Nd5 14.
Re1 Nxe3 15. fxe3 Bc5 16. Na3 Bxe3+ 17. Kf1 Bc5 18. Nc4 Rxf3+ 19. Kg2 Rf2+ 20.
Kg3 Rxb2 21. Re5 Rb5 22. Kf3 f6 23. Rf5 g6 24. Rxf6 Rf8 25. Rxf8+ Bxf8 26. Re1
Rf5+ 27. Kg2 Kd8 28. Re4 Bg7 29. Re3 Rc5 30. Rd3+ Ke8 31. Nd2 Rxc3 32. Rd5 Rc2
33. Kf3 Rc3+ 34. Kg4 b6 35. Ne4 Rc4 36. Kf3 Rd4 37. Rb5 c5 38. Rb3 Kd7 39. Ra3
a5 40. Rb3 Kc6 41. Ng5 Bf6 42. Nxh7 Bh4 43. Nf8 a4 44. Re3 Kb5 45. Nxg6 Bf6 46.
Re6 Bg5 47. Kg3 Bh6 48. Ne7 Bg5 49. Nc8 Rd3+ 50. Kg4 Bd8 51. h4 a3 52. h5 c4
53. h6 Rd1 54. Re2 Rh1 55. Re6 Kb4 56. Rd6 c3 57. Rxd8 c2 58. Nxb6 c1=Q 59.
Nd5+ Kc5 60. Nf4 Qg1+ 61. Kf5 Rh5+ 62. Ke4 Rxh6 63. Rc8+ Kb4 64. Nd3+ Ka5 65.
Nf2 Ka6 66. Ra8+ {Time forfeit} 1-0

[Event "Rated Blitz game"]
[Site "?"]
[Date "2021.06.13"]
[Round "?"]
[White "Pulson"]
[Black "Wupper"]
[Result "0-1"]
[WhiteElo "2437"]
[BlackElo "2487"]
[PlyCount "70"]
[EventDate "2021.??.??"]
[EventType "blitz"]

1. e4 e5 2. Nf3 Nc6 3. c3 d5 4. Qa4 Bd7 5. exd5 Nd4 6. Qd1 Nxf3+ 7. Qxf3 f5 8.
Bc4 Bd6 9. d3 Nf6 10. Bg5 O-O 11. Nd2 b5 12. Bb3 a5 13. a3 Qe8 14. O-O Kh8 15.
Rfe1 a4 16. Ba2 Qg6 17. Bxf6 gxf6 18. Kh1 f4 19. h3 Rae8 20. Ne4 f5 21. Nxd6
cxd6 22. Rad1 Rg8 23. Bb1 Rg7 24. Rg1 Reg8 25. d4 Qh6 26. dxe5 dxe5 27. Qd3 e4
28. Qd4 Qd6 29. g3 fxg3 30. Rxg3 Qh6 31. f4 exf3 32. Rxf3 Qg5 33. Rf2 h6 34.
Qf4 Qh5 35. Bxf5 Qxd1+ {Normal} 0-1

[Event "Rated Blitz game"]
[Site "?"]
[Date "2021.06.13"]
[Round "?"]
[White "Mulika13"]
[Black "Dr_Bledow"]
[Result "1-0"]
[WhiteElo "2518"]
[BlackElo "2572"]
[PlyCount "57"]
[EventDate "2021.??.??"]
[EventType "blitz"]

1. e4 e5 2. Nf3 Nc6 3. c3 d5 4. Qa4 f6 5. Bb5 Nge7 6. exd5 Qxd5 7. d4 e4 8.
Nfd2 f5 9. O-O Bd7 10. f3 e3 11. Nb3 f4 12. Nc5 a6 13. Bc4 Qg5 14. Nxd7 Kxd7
15. d5 Nxd5 16. Bxd5 e2 17. Bxc6+ bxc6 18. Re1 Bc5+ 19. Kh1 Rhe8 20. Bxf4 Qh4
21. Na3 Bf2 22. g3 Qh3 23. Qc4 Bxe1 24. Rxe1 Re6 25. Nc2 Rae8 26. Qd3+ Kc8 27.
Nd4 Re3 28. Qxa6+ Kd7 29. Qxc6+ {Normal} 1-0

[Event "Rated Blitz game"]
[Site "?"]
[Date "2021.06.13"]
[Round "?"]
[White "maratgil"]
[Black "simon_h81"]
[Result "1-0"]
[WhiteElo "2400"]
[BlackElo "2338"]
[PlyCount "77"]
[EventDate "2021.??.??"]
[EventType "blitz"]

1. e4 e5 2. Nf3 Nc6 3. c3 Nf6 4. d4 exd4 5. e5 Qe7 6. cxd4 d6 7. Bb5 dxe5 8.
dxe5 Bd7 9. O-O Ng8 10. Nc3 O-O-O 11. Qa4 Kb8 12. Rd1 Be8 13. Rxd8+ Qxd8 14.
Be3 a6 15. Bxa6 bxa6 16. Qxa6 Qc8 17. Qa4 Nh6 18. Nb5 Qb7 19. Rd1 Be7 20. Nc3
Nf5 21. Qf4 Nxe3 22. Qxe3 f6 23. a4 Nxe5 24. Nxe5 fxe5 25. Qxe5 Bd6 26. Qxg7
Rf8 27. Rxd6 cxd6 28. Qxf8 Qc6 29. a5 Ka7 30. Qe7+ Ka6 31. Qe1 Bg6 32. b4 Qc4
33. b5+ Kxa5 34. Ne4+ Kb6 35. Nxd6 Qd5 36. Nc8+ Kxb5 37. Ne7 Qf5 38. Nxf5 Bxf5
39. f4 {Normal} 1-0

[Event "Rated Blitz tournament eiv6vLhO"]
[Site "?"]
[Date "2021.06.13"]
[Round "?"]
[White "Zayats71"]
[Black "Hamo_Stepanyan"]
[Result "1-0"]
[WhiteElo "2683"]
[BlackElo "2433"]
[PlyCount "75"]
[EventDate "2021.??.??"]
[EventType "blitz"]

1. e4 e5 2. Nf3 Nc6 3. c3 d5 4. Qa4 dxe4 5. Nxe5 Qd5 6. Nxc6 bxc6 7. Bc4 Qd6 8.
d4 exd3 9. O-O Be6 10. Bxd3 Nf6 11. Bf4 Qd7 12. Rd1 Bd6 13. Bg5 Nd5 14. Nd2 h6
15. Bh4 Nf4 16. Be4 Bd5 17. Bxd5 cxd5 18. Re1+ Ne6 19. Qg4 g5 20. Bg3 O-O-O 21.
Nb3 Nf4 22. Qf3 c6 23. Nd4 Ne6 24. Nf5 Bxg3 25. hxg3 Nc5 26. Rad1 Ne4 27. c4
Qe6 28. cxd5 cxd5 29. Nd4 Qf6 30. Rc1+ Kb7 31. Nb5 Rc8 32. Qxf6 Nxf6 33. Nd6+
Kb8 34. Nxc8 Rxc8 35. Rxc8+ Kxc8 36. Re7 d4 37. Kf1 d3 38. Rxf7 {Normal} 1-0

[Event "Sea Harbor Rapid 2021"]
[Site "Anapa RUS"]
[Date "2021.06.12"]
[Round "9.2"]
[White "Khruschiov, A."]
[Black "Petrov, N."]
[Result "1/2-1/2"]
[WhiteElo "2382"]
[BlackElo "2552"]
[PlyCount "33"]
[EventDate "2021.06.11"]
[EventType "swiss"]
[SourceTitle "The Week in Chess 1388"]
[Source "Mark Crowther"]
[SourceDate "2021.06.14"]
[SourceVersion "1"]
[SourceVersionDate "2021.06.14"]
[SourceQuality "2"]

1. e4 e5 2. Nf3 Nc6 3. c3 Nf6 4. d3 a5 5. Be2 Bc5 6. O-O O-O 7. d4 Ba7 8. dxe5
Nxe4 9. Qd5 Nc5 10. Bg5 Qe8 11. Na3 d6 12. Nb5 Bb6 13. Be3 Ne7 14. Qd1 Nf5 15.
Bxc5 dxc5 16. Bc4 Bd7 17. Qe2 1/2-1/2

[Event "ch-SVK Rapid 2021"]
[Site "Modra SVK"]
[Date "2021.06.12"]
[Round "5.2"]
[White "Banszegi, A."]
[Black "Mazur, Ste"]
[Result "1-0"]
[WhiteElo "2033"]
[BlackElo "2416"]
[PlyCount "61"]
[EventDate "2021.06.12"]
[EventType "rapid"]
[SourceTitle "The Week in Chess 1388"]
[Source "Mark Crowther"]
[SourceDate "2021.06.14"]
[SourceVersion "1"]
[SourceVersionDate "2021.06.14"]
[SourceQuality "2"]

1. e4 e5 2. Nf3 Nc6 3. c3 Nf6 4. d4 Nxe4 5. d5 Bc5 6. Be3 Bxe3 7. fxe3 Ne7 8.
Bd3 Nc5 9. Nxe5 O-O 10. Bc2 d6 11. Nf3 Bf5 12. c4 Bxc2 13. Qxc2 Ng6 14. O-O Re8
15. Re1 Qf6 16. Nc3 a5 17. Re2 Re7 18. Rf1 Rae8 19. Nd4 Qg5 20. Nf5 Re5 21.
Ref2 Ne4 22. Nxe4 Rxe4 23. g3 h5 24. c5 dxc5 25. d6 cxd6 26. Nxd6 Rxe3 27. Nxe8
Rxe8 28. Rxf7 h4 29. Qb3 Kh7 30. R7f5 Qg4 31. Qd3 1-0

[Event "Rated Blitz game"]
[Site "?"]
[Date "2021.06.12"]
[Round "?"]
[White "magos33"]
[Black "Mettigel"]
[Result "0-1"]
[WhiteElo "2433"]
[BlackElo "2512"]
[PlyCount "82"]
[EventDate "2021.??.??"]
[EventType "blitz"]

1. e4 e5 2. Nf3 Nc6 3. c3 Nf6 4. d4 exd4 5. e5 Ne4 6. cxd4 d5 7. Bb5 Bb4+ 8.
Nbd2 O-O 9. Bxc6 bxc6 10. O-O Ba6 11. Re1 Qe7 12. a3 Ba5 13. b4 Bb6 14. Nxe4
dxe4 15. Rxe4 f5 16. Re1 Bc4 17. Bg5 Qe6 18. Rc1 Bd5 19. Be3 a5 20. Ng5 Qg6 21.
f4 axb4 22. axb4 Ra2 23. Rc2 Rfa8 24. Ree2 Ra1 25. Rc1 Rxc1 26. Qxc1 h6 27. Nh3
Qg4 28. Qe1 Ra1 29. Qxa1 Qxe2 30. Bf2 Qe4 31. Qf1 Bxd4 32. Bxd4 Qxd4+ 33. Kh1
Qxb4 34. Ng1 Qd2 35. h3 c5 36. Kh2 c4 37. Ne2 c3 38. Qf2 c2 39. Qc5 c6 40. Qd6
Qxe2 41. Qd7 Qxg2# {Normal} 0-1

[Event "Rated Blitz game"]
[Site "?"]
[Date "2021.06.12"]
[Round "?"]
[White "Mulika13"]
[Black "sergeikim2003"]
[Result "1-0"]
[WhiteElo "2499"]
[BlackElo "2577"]
[PlyCount "61"]
[EventDate "2021.??.??"]
[EventType "blitz"]

1. e4 e5 2. Nf3 Nc6 3. c3 Nge7 4. d4 Ng6 5. h4 h5 6. Bg5 f6 7. Be3 d6 8. Bc4
Bg4 9. Nbd2 Qd7 10. a4 O-O-O 11. a5 a6 12. d5 Nce7 13. b4 f5 14. Bg5 fxe4 15.
Nxe4 Qf5 16. Bd3 Nf4 17. Nxd6+ Rxd6 18. Bxf5+ Nxf5 19. Bxf4 exf4 20. Qd3 Bxf3
21. Qxf3 g6 22. O-O-O Bg7 23. Kc2 Rhd8 24. Qxf4 Rxd5 25. Rxd5 Rxd5 26. Re1 Bh6
27. Qe4 Rd2+ 28. Kb3 Rd8 29. Qe6+ Kb8 30. Qxg6 Bd2 31. Re8 {Normal} 1-0

[Event "Rated Blitz tournament YtuHIWbJ"]
[Site "?"]
[Date "2021.06.12"]
[Round "?"]
[White "gsoppe"]
[Black "chinonivel"]
[Result "1-0"]
[WhiteElo "2446"]
[BlackElo "2247"]
[PlyCount "61"]
[EventDate "2021.??.??"]
[EventType "blitz"]

1. e4 e5 2. Nf3 Nc6 3. c3 f5 4. d4 fxe4 5. Nxe5 Nf6 6. Bg5 g6 7. Nd2 Bg7 8.
Nxe4 O-O 9. Nxc6 bxc6 10. Nxf6+ Bxf6 11. Be3 d5 12. Be2 Rb8 13. b4 Bg5 14. O-O
Qe7 15. Qd2 Bxe3 16. fxe3 Bf5 17. Bd3 Rbe8 18. Bxf5 Rxf5 19. Rxf5 gxf5 20. Re1
Qe4 21. Qf2 Re7 22. g3 Rg7 23. Rf1 Re7 24. Qf3 Kg7 25. Qxe4 Rxe4 26. Kf2 Kf6
27. Rb1 h5 28. Rb3 h4 29. Ra3 hxg3+ 30. hxg3 Rh4 31. gxh4 {Normal} 1-0

[Event "Rated Rapid game"]
[Site "?"]
[Date "2021.06.12"]
[Round "?"]
[White "sulejman455"]
[Black "wblodw"]
[Result "1-0"]
[WhiteElo "2227"]
[BlackElo "2400"]
[PlyCount "43"]
[EventDate "2021.??.??"]
[EventType "rapid"]

1. e4 e5 2. Nf3 Nc6 3. c3 d5 4. exd5 Qxd5 5. d3 Bg4 6. Be2 O-O-O 7. Nbd2 f5 8.
O-O Nf6 9. Re1 Bc5 10. b4 Bb6 11. c4 Qe6 12. c5 Nxb4 13. cxb6 Qxb6 14. Nxe5 Qd4
15. Rb1 Bxe2 16. Qxe2 Rhe8 17. Ndf3 Qd6 18. Ba3 a5 19. d4 Ne4 20. Qb5 Nc3 21.
Qxa5 Nxb1 22. Qa8# {Normal} 1-0

[Event "Rated Rapid game"]
[Site "?"]
[Date "2021.06.12"]
[Round "?"]
[White "aivarsskuja"]
[Black "Kayrosas"]
[Result "0-1"]
[WhiteElo "2333"]
[BlackElo "2436"]
[PlyCount "60"]
[EventDate "2021.??.??"]
[EventType "rapid"]

1. e4 e5 2. Nf3 Nc6 3. c3 Nf6 4. d4 Nxe4 5. d5 Bc5 6. dxc6 Bxf2+ 7. Ke2 Bb6 8.
Be3 bxc6 9. Bxb6 axb6 10. Nbd2 Nf6 11. Kf2 e4 12. Nd4 O-O 13. Be2 c5 14. Nc2 d5
15. Rf1 d4 16. Kg1 d3 17. Ne3 dxe2 18. Qxe2 Ba6 19. c4 Qd3 20. Qf2 Bc8 21. h3
Qd4 22. Nb3 Qe5 23. a3 Be6 24. Rad1 Rad8 25. Nc1 Rd4 26. b3 Rfd8 27. Ne2 Rxd1
28. Rxd1 Rxd1+ 29. Nxd1 Qa1 30. Nec3 Qxa3 {Normal} 0-1

[Event "Rated Blitz game"]
[Site "?"]
[Date "2021.06.12"]
[Round "?"]
[White "Mulika13"]
[Black "kamal20365"]
[Result "1-0"]
[WhiteElo "2499"]
[BlackElo "2350"]
[PlyCount "65"]
[EventDate "2021.??.??"]
[EventType "blitz"]

1. e4 e5 2. Nf3 Nc6 3. c3 d6 4. d4 Nf6 5. Bb5 exd4 6. cxd4 Be7 7. d5 a6 8. Bd3
Ne5 9. Nxe5 dxe5 10. O-O O-O 11. Nc3 c6 12. dxc6 bxc6 13. Qe2 Qb6 14. Be3 Qa5
15. a3 Ng4 16. b4 Qc7 17. Bd2 a5 18. b5 cxb5 19. Nd5 Qa7 20. Bxb5 Bc5 21. h3
Nxf2 22. Rxf2 Bxf2+ 23. Qxf2 Qxf2+ 24. Kxf2 Bb7 25. Bc3 f5 26. Ke3 fxe4 27. Nb6
Rad8 28. Bxe5 Kh8 29. Rc1 Rde8 30. Bd4 Re6 31. Rc7 Rb8 32. Bxg7+ Kg8 33. Bc4 {
Normal} 1-0

[Event "Rated Blitz tournament YtuHIWbJ"]
[Site "?"]
[Date "2021.06.12"]
[Round "?"]
[White "Suleymanov_Marat"]
[Black "Debyt2019"]
[Result "1-0"]
[WhiteElo "2434"]
[BlackElo "2322"]
[PlyCount "75"]
[EventDate "2021.??.??"]
[EventType "blitz"]

1. e4 e5 2. Nf3 Nc6 3. c3 d5 4. Qa4 f6 5. d3 Nge7 6. Be2 Be6 7. O-O Qd7 8. Nbd2
Nc8 9. Qc2 Nb6 10. Rd1 Be7 11. a4 a5 12. Nf1 O-O 13. Ne3 Rad8 14. exd5 Nxd5 15.
d4 exd4 16. Nxd4 Nxd4 17. Rxd4 Bc5 18. Rd3 Qf7 19. Nxd5 Bxd5 20. Rh3 f5 21. Bg5
Bb3 22. Qc1 Rd7 23. c4 Re8 24. Bh5 g6 25. Rxb3 gxh5 26. Bh6 Re6 27. Rg3+ Rg6
28. Qc3 Bd4 29. Qb3 b6 30. Qf3 Re7 31. Rd1 c5 32. h4 Qe6 33. Bg5 Re8 34. Bf4
Qe4 35. Qxh5 Rxg3 36. Bxg3 Qe6 37. Qg5+ Qg6 38. Qxg6+ {Time forfeit} 1-0